| LEADER 00000nam 2200000uu 4500 |
| 001 13399137004 |
| 003 ULIBM |
| 008 260424s||||||||th 000 0 tha d |
| 050 ^aว สน.มธ. 32 2549 |
| 090 ^aE-book |
| 100 0 ^aฐิติยา คำป้อ. |
| 245 10 ^aโครงการออกแบบปรับปรุงเสนอแนะสถาปัตยกรรมภายในสถานบันเทิง อาร์ซีเอพลาซ่า /^cฐิติยา คำป้อ. |
| 246 1 ^aIntroduce project of interior architectural design for entertainment complex: RCA Plaza /^cThitiya Kompor. |
| 260 ^aปทุมธานี :^bมหาวิทยาลัยธรรมศาสตร์, ^c2549. |
| 300 ^aA-J, 123 แผ่น. |
| 502 ^aวิทยานิพนธ์ สถาปัตยกรรมภายในบัณฑิต, 2549. |
| 650 7 ^aอาร์ซีเอพลาซ่า. |
| 650 7 ^aสถานบันเทิง. |
| 700 0 ^aชวนะ ช่างสุพรรณ, ^eอาจารย์ที่ปรึกษา. |
| 856 ^uhttps://digital.library.tu.ac.th/tu_dc/frontend/Info/item/dc:339139 ^zเอกสารฉบับเต็ม (ดูรายบทคลิกที่ Bookmarks) |
| 999 ^aประวีณา ปานทอง |